000 00795nab a2200253 4500
003 BR-BrBNA
005 20250627141221.0
008 250627b bl.||||| |||| 00| 0 por d
040 _aBR-BrBNA
_bpor
072 _aL01 ; E70
_b5120
100 _aNetto, Ibiapaba
245 _aCavalos, um negócio de lucros olímpicos
_bAgronegócios
500 _a9 illus.
650 _aCAVALO
650 _aREPRODUTOR
650 _aSÊMEN
650 _aHIPISMO
650 _aADESTRAMENTO
650 _aEQUITAÇÃO
650 _aCOMERCIALIZAÇÃO
773 0 _01706
_9347889
_dSão Paulo-SP Editora Três Ltda - E-mail: luizfsa@revistadinheiro.com.br 2004
_o2025-0388
_tDinheiro Rural (Brazil)
_x1807-3700
_gv. 6(62) p. 50-56; (Dec 2009)
_wBR2025003661
942 _cANA
999 _c332266
_d332266